Tiempo de familia
Tallennettuna:
| Yhteisötekijä: | |
|---|---|
| Aineistotyyppi: | Kirja |
| Kieli: | espanja |
| Julkaistu: |
Santiago
Instituto Chileno de Estudios Humanísticos
1995
|
| Painos: | 1a. ed |
| Aiheet: | |
| Tagit: |
Lisää tagi
Ei tageja, Lisää ensimmäinen tagi!
|
MARC
| LEADER | 00000nam a2200000 a 4500 | ||
|---|---|---|---|
| 001 | UCG1175 | ||
| 003 | CL-VaPUC | ||
| 005 | 20240401121856.0 | ||
| 008 | 100422e19950300cl 1 spa d | ||
| 082 | 0 | 4 | |a 306.85 |b INS |2 21 |
| 110 | 2 | |a Instituto Chileno de Estudios Humanísticos |e author |9 621591 | |
| 245 | 1 | 0 | |a Tiempo de familia |
| 250 | |a 1a. ed | ||
| 260 | |a Santiago |b Instituto Chileno de Estudios Humanísticos |c 1995 | ||
| 300 | |a 105 p | ||
| 583 | |a last modification |c 20190908 07:20:47 |k Rodrigo Vera | ||
| 650 | 0 | 0 | |a Familias |9 255641 |
| 650 | 0 | 0 | |a Psicología social |9 222894 |
| 650 | 0 | 0 | |a Cambio social |9 256857 |
| 650 | 0 | 0 | |a Relaciones interpersonales |9 307056 |
| 650 | 0 | 0 | |a Terapia familiar |9 312193 |
| 650 | 0 | 7 | |a ROL DE LA FAMILIA |2 CL-VaPUC |9 470380 |
| 942 | |c BK | ||
| 945 | |a dcastane |d 20100422 00:00:00 | ||
| 546 | |a En Español | ||
| 536 | |a Instituto Chileno de Estudios Humanísticos | ||
| 518 | |p Tiempo de familia, 1, Santiago de Chile, 5 agosto 1994 | ||
| 999 | |c 384532 |d 384530 | ||
| 952 | |0 0 |1 0 |4 0 |6 306_850000000000000_INS_1995 |7 0 |8 A |9 507321 |a BIBGIM |b BIBGIM |d 2020-01-23 |i 4662369 |o 306.85 INS 1995 |p 4662369 |r 2025-01-15 |w 2020-01-23 |y BK |k GIM | ||